000 00367nam a2200133Ia 4500
008 240624s9999 xx 000 0 und d
041 _aeng
082 _a332.1 TIB
100 _aTIBY AMR MOHAMED EL
245 _aISLAMIC BANKING HOW TO MANAGE RISK AND I
260 _c2011
_aNew Jersey
_bJohn Wiley and Sons
300 _axxiii, : 211 : p. : cm. ; 23
365 _c
_b27
999 _c16878
_d16878